Software engineering : Software reliability, testing and quality assurance (Record no. 11094)

MARC details
000 -LEADER
fixed length control field 00499nam a2200169Ia 4500
008 - FIXED-LENGTH DATA ELEMENTS--GENERAL INFORMATION
fixed length control field 230917s9999||||xx |||||||||||||| ||und||
020 ## - ISBN
Price RS385
040 ## - CATALOGING SOURCE
-- 213880
Original cataloging agency VIVEKANANDA LIBRARY
041 ## - Language
-- English
082 ## - DDC NUMBER
Classification number 005.1 G41S
100 ## - MAIN ENTRY--PERSONAL NAME
Personal name Gill, Nasib Singh
245 #0 - TITLE STATEMENT
Title Software engineering : Software reliability, testing and quality assurance
260 ## - PUBLICATION, DISTRIBUTION, ETC. (IMPRINT)
Place of publication, distribution, etc New Delhi
Name of publisher, distributor, etc Khanna Book Publishing
Date of publication, distribution, etc [n.d.]
300 ## - PHYSICAL DESCRIPTION
Pages xxxiv, 622 p.
500 ## - GENERAL NOTE
General note 125 17/01/201 174 28/01/2014 Main Budget
942 ## - ADDED ENTRY ELEMENTS (KOHA)
Koha item type Books
Holdings
Withdrawn status Lost status Damaged status Not for loan Location (home branch) Sublocation or collection (holding branch) Date acquired Koha issues (times borrowed) Koha full call number Accession No. Koha date last seen Koha item type
        VIVEKANANDA LIBRARY VIVEKANANDA LIBRARY 17/02/2014 1 005.1 G41S 329756 28/05/2025 Books
        VIVEKANANDA LIBRARY VIVEKANANDA LIBRARY 17/02/2014   005.1 G41S 329757 17/09/2023 Books
        VIVEKANANDA LIBRARY VIVEKANANDA LIBRARY 17/02/2014 2 005.1 G41S 329758 23/04/2025 Books
        VIVEKANANDA LIBRARY VIVEKANANDA LIBRARY 17/02/2014 6 005.1 G41S 329759 08/07/2025 Books
        VIVEKANANDA LIBRARY VIVEKANANDA LIBRARY 17/02/2014   005.1 G41S 329760 17/09/2023 Books
© Designed and Maintained by Vivekananda Library, MDU Rohtak